00134nam a22000617a 4500082001700000100001500017245004000032 a621.38152BHA aBhatia C M aPower electronics laboratory manual